| 000 | 01507cam a22002894a 4500 | ||
|---|---|---|---|
| 001 | 16439110 | ||
| 003 | OSt | ||
| 005 | 20160616152256.0 | ||
| 008 | 100826s2011 ilua b 001 0 eng c | ||
| 010 | _a 2010036742 | ||
| 020 | _a9780226983356 (cloth : alk. paper) | ||
| 020 | _a0226983358 (cloth : alk. paper) | ||
| 040 |
_aICU/DLC _cDLC _dDLC |
||
| 042 | _apcc | ||
| 050 | 0 | 0 |
_aQR360 _b.Z65 2011 |
| 082 | 0 | 0 |
_aQW 160 _bZ42p 2011 |
| 100 | 1 |
_aZimmer, Carl, _99434 |
|
| 245 | 1 | 2 |
_aA planet of viruses / _cCarl Zimmer. |
| 260 |
_aChicago ; _aLondon : _bUniversity of Chicago Press, _c2011. |
||
| 300 |
_ax, 109 p. : _bcol. ill. ; _c23 cm. |
||
| 504 | _aIncludes bibliographical references (p. 97-101) and index. | ||
| 505 | 0 | _a"A contagious living fluid" : tobacco mosaic virus -- Old companions -- The uncommon cold: rhinovirus -- Looking down from the stars : influenza virus -- Rabbits with horns : papillomavirus -- Everywhere, in all things -- The enemy of our enemy : bacteriophages -- Oceans of viruses : marine phages -- The infected genome : endogenous retroviruses -- The viral future -- The young scourge : human immunodeficiency virus -- Becoming an American : West Nile virus -- Predicting the next plague : severe acute respiratory syndrome -- The long goodbye : smallpox -- The alien in the watercooler : mimivirus. | |
| 650 | 0 |
_aViruses. _9746 |
|
| 906 |
_a7 _bcbc _corignew _d1 _eecip _f20 _gy-gencatlg |
||
| 942 |
_2ddc _cO_SHELF |
||
| 999 |
_c4382 _d4382 |
||